Quizzes
Events
Quiz Creation
Community
Videos
Private Events
Remove Ads
Sign In
Join for FREE
Feedback
Dark Mode
Quiz Categories
Sports
Geography
Music
Movies
Television
Just For Fun
Miscellaneous
History
Literature
Language
Science
Gaming
Entertainment
Religion
Holiday
For Kids
Quiz Lab
Recent
Popular Today
Quiz Kudos Today
Editor Picks
Curator Picks
Quizzes by...
Day
Popularity
Type
Ratings
Length
Year
Community
Subscriptions
Recent Discussions
Orange Saloon
Badges
Playlists
Quests
Create
Leaderboards
Showdown
Live 5
Trivia Bingo
Activity
Puzzle Library
Sporcle Events
Private Events
Virtual Trivia
Globe League
Become a Host
Pub Owners
SporcleCon
Opinionation
Our Games
Videos
Blog
Mobile Apps
Partnerships
Remove Ads and Go Orange
Feedback
History
US Presidents
World Leaders
Politics
Nation
Discovery
War
Decade
Year
Century
Biography
Art
History
US Presidents
World Leaders
Politics
Nation
Discovery
War
Decade
Year
Century
Biography
Art
Random Quiz
Search Sporcle
×
Quiz Lab
Quiz Lab
History
United States
Type in answers that appear in a list
Type in answers that appear in a list
Classic
Best Score? Go Orange.
US International Military Conflicts Stats
Can you name the International Armed Conflicts Involving the United States Armed Forces?
By
RoaringElbow
8m
26 Questions
639 Plays
639 Plays
639 Plays
Comments
Comments
Give Quiz Kudos
Give Quiz Kudos
-
- Ratings
hide this ad
Replay
Link that replays current quiz
Next Quiz
Link to next quiz in quiz playlist
You Got
0%
They Got
Avg Score
38%
Avg Friend Score
Upgrade to see
Score Distribution
Jump to the score distribution portion of the page
Score
0/26
Timer
08:00
0
Plays Today
Years
Military Conflict
% Correct
1914-
1918
World War I
89.7%
1939-
1945
World War II
88.4%
1959-
1975
Vietnam War
84%
1950-
1953
Korean War
82.1%
1812-
1815
War of 1812
77.3%
1990-
1991
Gulf War
72.7%
1775-
1783
Revolutionary War
70.8%
1898
Spanish-American War
66.8%
2003-
present
Iraq War
63.8%
1846-
1848
Mexican-American War
54.2%
1983
Invasion of Grenada
45.8%
2001-
present
War in Afghanistan
36.7%
1989-
1990
Invasion of Panama
36.1%
Years
Military Conflict
% Correct
1999
Kosovo War
32.6%
1798-
1800
Quasi-War
19.1%
1995
Bosnian War
16.5%
1918-
1920
Russian Civil War
12.9%
1899-
1901
Boxer Rebellion
11.3%
1899-
1902
Philippine-American War
9.2%
1801-
1805
First Barbary War
8%
1898-
1934
Banana Wars
7.4%
1815
Second Barbary War
6.7%
1992-
1993
Somali Civil War
6.7%
2004-
present
War in North-West Pakistan
5.3%
1916-
1917
Pancho Villa Expedition
2.4%
1832
Sumatran Expeditions
0.5%
Quiz Playlist
Details
Report
Send in Message
Add To Playlist
Classic:
Type in answers that appear in a list
Last Updated: Feb 16, 2017
Quiz Scoreboard
CHALLENGE
Sign Up to Join the Scoreboard
Show All
Scores
Hide
Comments
May contain spoilers
Recently Published
Movies - When Are They Set?
by FPL_Elf
Movies
5m
Popular People in 1961
by mucciniale
History
6m
1-10 Letter E Words III
by El_Dandy
Language
2m
More to Explore
Quiz From the Vault
Featured Blog Post
Where Did the Easter Bunny Come From?
hide this ad
You Might Also Like...
Tags
State Quiz
United States Quiz
War Quiz
armed
conflict
force
International
Military
United
Today's Top Quizzes in History
Browse History
hide this ad
Today's Top Quizzes in United States
Browse United States
Top Contributed Quizzes in History
1
Popular People in 1991
2
Popular People in 1981
3
Popular People in 1951
4
Popular People in 1941
5
Popular People in 1986
6
Popular People in 1976
7
Popular People in 1921
8
I Am Born On March 28th
9
Popular People in 1946
10
Popular People in 1936
Explore More
Trending Topics
Crossword
Anime
Kpop
Disney
Marvel
Harry Potter
NBA
WWE
Pokémon
Song
Country
The Office
Soccer
Puzzle
NFL
hide this ad
More By:
RoaringElbow
Quiz
Plays
Rating
Category
Featured
Created
WWE SummerSlam Main Events
115,125
4.32
Sports
Apr 9, 2010
All WWE Championship Reigns in Order
17,584
3.55
Sports
Jun 22, 2010
WWE Monday Night Raw Main Events 1999
9,068
4.41
Sports
Apr 28, 2012
2013 WWE Royal Rumble
9,026
4.30
Sports
Jan 27, 2013
2000 WWE Royal Rumble
7,532
4.18
Sports
Feb 3, 2010
Go to Creator's Profile
Score Distribution
Quiz Creator Spotlight
RoaringElbow
Follow
Send a Message
Quizzes Created
-
Created Quiz Play Count
-
More By This Creator
Popular Quizzes Today
1
Find the Countries of Europe - No Outlines Minefield
2
Find the US States - No Outlines Minefield
3
The Countries of the World
4
Popular People in 1961
5
US States
6
1-10 Letter E Words III
7
Find the US States
8
One Thing in Common: World Cities II
More History Quizzes
Historical Figures in Comic Books
Published
Trending Quizzes
Risky Map Clicking: Least Populous States A-Z
1-10 Letter F Words
Humor Books: The Subtitles
1-10 Letter G Words
One Thing in Common: United Kingdom
Recently Updated
Leaping Animals
pecheneg
Reality TV Shows (A-Z)
bhenderson79
Rickey Henderson's Hall of Fame Teammates
pecheneg
Champions League XIs: Arsenal
pecheneg
Quick Pick: Celebrities in WWE's Hall of Fame
aduchscher
A-Z Keypad Blitz II
pecheneg
Multiple Oscar Actors
pecheneg
Mystery Phrase Blitz: Oscar 'Best Actors'
pecheneg
F. Scott Fitzgerald Novels
LTH
Pick 3 Villains
ddd62291
Trending Topics
Anime
Kpop
Crossword
NBA
Disney
Marvel
Harry Potter
Country
Puzzle
NFL
Song
Pokémon
WWE
Soccer
The Office
Your Account Isn't Verified!
In order to create a playlist on Sporcle, you need to verify the email address you used during registration. Go to your
Sporcle Settings
to finish the process.
Report this User
Report this user for behavior that violates our
Community Guidelines
.
Details:
Send Report
Go to the Sporcle.com Mobile Site →
Comments